Lịch sử con hát

Bewaard in:
Bibliografische gegevens
Hoofdauteur: Đàm Phàm
Formaat: Boek
Gepubliceerd in: Tp. Hồ Chí Minh Tp. Hồ Chí Minh 2004
Onderwerpen:
Tags: Voeg label toe
Geen labels, Wees de eerste die dit record labelt!
Thư viện lưu trữ: Trung tâm Học liệu Lê Vũ Hùng, Trường Đại học Đồng Tháp
LEADER 00877aam a22003138a 4500
001 00036975
005 20171026081023.0
008 170412s2004 ||||||Viesd
041 0 # |a Vie 
082 1 4 |a 780.92  |b L302S 
100 1 # |a Đàm Phàm 
245 1 0 |a Lịch sử con hát  |c Đàm Phàm; Cao Tử Thanh (dịch) 
260 # # |a Tp. Hồ Chí Minh  |b Tp. Hồ Chí Minh  |c 2004 
300 # # |a 322tr.  |c 27cm. 
653 # # |a Con hát 
653 # # |a Nghiên cứu 
653 # # |a Nghệ thuật 
653 # # |a Âm nhạc 
852 # # |b Kho mượn  |j KM.0020787, KM.0020880 
852 # # |b Kho đọc  |j KD.0019808 
852 # # |j KM.0020880  |j KD.0019808  |j KM.0020787 
910 0 # |d 12/04/2017 
980 # # |a Trung tâm Học liệu Lê Vũ Hùng, Trường Đại học Đồng Tháp